Study on processing of rice production system of norm srim rice mill in khan dongkor, phnom penh; សិក្សាពិខ្សែសង្វាក់ផលិតកម្មនៃប្រព័ន្ធផលិតកម្មអង្កររបស់រោងម៉ាស៊ីនកិនស្រូវ ណម ស្រ៉ីម ខណ្ឌដង្កោ ភ្នំពេញ (Record no. 10802)
[ view plain ]
| 000 -LEADER | |
|---|---|
| fixed length control field | 00781nam a22001577a 4500 |
| 003 - CONTROL NUMBER IDENTIFIER | |
| control field | OSt |
| 005 - DATE AND TIME OF LATEST TRANSACTION | |
| control field | 20161108144046.0 |
| 008 - FIXED-LENGTH DATA ELEMENTS--GENERAL INFORMATION | |
| fixed length control field | 161108b xxu||||| |||| 00| 0 eng d |
| 040 ## - CATALOGING SOURCE | |
| Transcribing agency | RUA |
| 082 ## - DEWEY DECIMAL CLASSIFICATION NUMBER | |
| Classification number | AGE SOT 2015 B170 Or.1 |
| 100 ## - MAIN ENTRY--PERSONAL NAME | |
| 9 (RLIN) | 11231 |
| Personal name | SOTH PENH; សូត្រ ពេញ |
| 245 ## - TITLE STATEMENT | |
| Title | Study on processing of rice production system of norm srim rice mill in khan dongkor, phnom penh; សិក្សាពិខ្សែសង្វាក់ផលិតកម្មនៃប្រព័ន្ធផលិតកម្មអង្កររបស់រោងម៉ាស៊ីនកិនស្រូវ ណម ស្រ៉ីម ខណ្ឌដង្កោ ភ្នំពេញ |
| 260 ## - PUBLICATION, DISTRIBUTION, ETC. (IMPRINT) | |
| Place of publication, distribution, etc. | Phnom Penh |
| Name of publisher, distributor, etc. | RUA |
| Date of publication, distribution, etc. | 2015 |
| 300 ## - PHYSICAL DESCRIPTION | |
| Extent | xii; 47p; |
| Other physical details | ill; |
| Dimensions | 29cm; |
| 942 ## - ADDED ENTRY ELEMENTS (KOHA) | |
| Source of classification or shelving scheme | |
| Koha item type | FIS |
| Price effective from | Date last seen | Permanent Location | Not for loan | Date acquired | Source of classification or shelving scheme | Koha item type | Lost status | Damaged status | Shelving location | Withdrawn status | Current Location | Full call number |
|---|---|---|---|---|---|---|---|---|---|---|---|---|
| 2016-11-08 | 2016-11-08 | Library Block B | 2016-11-08 | FIS | B070 | Library Block B | AGE SOT 2015 B170 Or.1 | |||||
| 2016-11-08 | 2016-11-08 | Library Block B | 2016-11-08 | FIS | B070 | Library Block B | AGE SOT 2015 B170 Or.1 | |||||
| 2016-11-08 | 2016-11-08 | Library Block B | 2016-11-08 | FIS | B070 | Library Block B | AGE SOT 2015 B170 Or.1 | |||||
| 2016-11-08 | 2016-11-08 | Library Block B | 2016-11-08 | FIS | B070 | Library Block B | AGE SOT 2015 B170 Or.1 | |||||
| 2016-11-08 | 2016-11-08 | Library Block B | 2016-11-08 | FIS | B070 | Library Block B | AGE SOT 2015 B170 Or.1 | |||||
| 2016-11-08 | 2016-11-08 | Library Block B | 2016-11-08 | FIS | B070 | Library Block B | AGE SOT 2015 B170 Or.1 | |||||
| 2016-11-08 | 2016-11-08 | Library Block B | 2016-11-08 | FIS | B070 | Library Block B | AGE SOT 2015 B170 Or.1 |